| 000 -CABECERA |
| fixed length control field |
01090nam a22002417a 4500 |
| 003 - IDENTIFICADOR DEL NÚMERO DE CONTROL |
| control field |
AR-CdUCM |
| 008 - DATOS DE LONGITUD FIJA--INFORMACIÓN GENERAL |
| fixed length control field |
190517b ||||| |||| 00| 0 spa d |
| 040 ## - FUENTE DE LA CATALOGACIÓN |
| Agencia/entidad que catalogó originalmente la obra |
MUNICIPALIDAD PROVINCIAL DEL CUSCO |
| Entidad que transcribió la catalogación |
BIBLIOTECA MUNICIPAL DEL CUSCO |
| 082 ## - NÚMERO DE LA CLASIFICACIÓN DECIMAL DEWEY |
| No. de Clasificación |
637.1 / |
| Notacion interna |
J83 |
| 100 ## - ENTRADA PRINCIPAL--NOMBRE DE PERSONA |
| Nombre Personal |
Judkins, Henry Forest |
| 245 ## - MENCIÓN DE TÍTULO |
| Título |
La leche : |
| Resto del título |
su producción y procesos industriales / |
| 260 ## - PUBLICACIÓN, DISTRIBUCIÓN, ETC. |
| Lugar de publicación, distribución, etc. |
México D. F. : |
| Nombre de la editorial, distribuidor, etc. |
Continental, |
| Fecha de publicación, distribución, etc. |
1962. |
| 300 ## - DESCRIPCIÓN FÍSICA |
| Nº de Páginas Extensión |
495 páginas ; |
| Otros detalles físicos |
figuras, tablas, cuadros plegables, |
| Dimensiones |
23 cm. |
| 505 ## - NOTA DE CONTENIDO CON FORMATO |
| Nota de contenido formateada |
Contenido: Panorama general de la Industria Lechera -- Puntos esenciales para tener éxito en la operación de una granja lechera -- Composición y propiedades de la leche y factores que la afectan -- La secreción de la leche -- Las razas lecheras -- La crianza del ganado lechero ... |
| 650 ## - PUNTO DE ACCESO ADICIONAL DE MATERIA--TÉRMINO DE MATERIA |
| Descriptor |
Industria lechera |
| 9 (RLIN) |
28789 |
| 650 ## - PUNTO DE ACCESO ADICIONAL DE MATERIA--TÉRMINO DE MATERIA |
| Descriptor |
Producción |
| 9 (RLIN) |
1785 |
| 650 ## - PUNTO DE ACCESO ADICIONAL DE MATERIA--TÉRMINO DE MATERIA |
| Descriptor |
Ganado lechero |
| 9 (RLIN) |
32672 |
| 700 ## - PUNTO DE ACCESO ADICIONAL--NOMBRE DE PERSONA |
| Nombre Personal |
Keener, Harry A. (coautor) |
| 9 (RLIN) |
40531 |
| 700 ## - PUNTO DE ACCESO ADICIONAL--NOMBRE DE PERSONA |
| Nombre Personal |
Vasseur Walls, Alfonso (traducción) |
| 9 (RLIN) |
40532 |
| 942 ## - ELEMENTOS DE PUNTO DE ACCESO ADICIONAL (KOHA) |
| Fuente de clasificación |
|
| Tipo de item |
Libros-BMC |
| 945 ## - PROCESAMIENTO DE INFORMACIÓN LOCAL (OCLC) |
| Catalogador |
achl |
| AAAA-MM-DD - Fecha de ingreso o modificacion |
2019-05-17 |